[Event "III Trofeo Pentium4"]
[Site "Milano ITA"]
[Date "2003.07.14"]
[Round "1"]
[White "Bellia, Fabrizio"]
[Black "Lanzani, Mario"]
[Result "1/2-1/2"]
[WhiteElo "2397"]
[BlackElo "2355"]
[PlyCount "52"]
[EventDate "2003.07.14"]

1. e4 e5 2. Nf3 Nf6 3. Nxe5 d6 4. Nf3 Nxe4 5. d4 d5 6. Bd3 Bd6 7. O-O O-O 8. c4
c6 9. cxd5 cxd5 10. Nc3 Re8 11. Bxe4 dxe4 12. Ng5 Bf5 13. Re1 h6 14. Ngxe4 Bxe4
15. Nxe4 Bxh2+ 16. Kxh2 Qh4+ 17. Kg1 Rxe4 18. Rxe4 Qxe4 19. Be3 Nc6 20. Qb3
Nxd4 21. Bxd4 Qxd4 22. Qxb7 Re8 23. Rc1 g6 24. Rc8 Qd1+ 25. Kh2 Qh5+ 26. Kg1
Qd1+ 1/2-1/2

[Event "III Trofeo Pentium4"]
[Site "Milano ITA"]
[Date "2003.07.14"]
[Round "1"]
[White "Belotti, Bruno"]
[Black "Pilgaard, Kim"]
[Result "0-1"]
[WhiteElo "2435"]
[BlackElo "2446"]
[PlyCount "134"]
[EventDate "2003.07.14"]

1. c4 c5 2. g3 Nc6 3. Bg2 g6 4. e3 Bg7 5. Ne2 d6 6. Nbc3 Bd7 7. d4 Nf6 8. b3
cxd4 9. exd4 O-O 10. O-O Qc8 11. Re1 Bh3 12. Bh1 e5 13. Qd2 a6 14. Nd5 Nxd5 15.
Bxd5 Qc7 16. Bb2 Rad8 17. Bh1 Rfe8 18. Rac1 Qb6 19. d5 Ne7 20. b4 Nf5 21. c5
Qb5 22. a4 Qxa4 23. Ra1 Qb5 24. Ra5 Qd7 25. c6 Qc7 26. Rea1 Bh6 27. Qc3 Qb6 28.
cxb7 Qxb7 29. Rxa6 Rb8 30. R6a4 Qb5 31. Bf3 Rbc8 32. Qe1 e4 33. Bh1 Qxd5 34.
Nc3 Qb3 35. Nd1 d5 36. R4a3 Qc2 37. Rc3 Rxc3 38. Qxc3 Qxc3 39. Nxc3 Bg7 40. Rb1
Nd4 41. Bg2 Be6 42. b5 Rb8 43. Ba3 Rb7 44. Bc5 Nf3+ 45. Bxf3 exf3 46. Na4 Bd7
47. Nb6 Bf5 48. Rd1 d4 49. h4 h5 50. Rd2 Kh7 51. Na4 d3 52. b6 Bd7 53. Rxd3
Bxa4 54. Rxf3 Rd7 55. Kh2 Bc6 56. Rb3 Rd1 57. f3 Bb7 58. Kg2 Be5 59. Bf2 Rd2
60. Kg1 Kg7 61. Kf1 Kf6 62. Ra3 Ke6 63. Ke1 Rb2 64. Kf1 Bd6 65. Re3+ Kd7 66.
Rc3 Bd5 67. Kg1 Rb3 0-1

[Event "III Trofeo Pentium4"]
[Site "Milano ITA"]
[Date "2003.07.14"]
[Round "1"]
[White "Brunello, Sabino"]
[Black "Drazic, Sinisa"]
[Result "0-1"]
[WhiteElo "2234"]
[BlackElo "2463"]
[PlyCount "62"]
[EventDate "2003.07.14"]

1. e4 c5 2. d4 cxd4 3. c3 Qa5 4. Nf3 Nc6 5. Bc4 Nf6 6. Qe2 e6 7. e5 d5 8. exf6
dxc4 9. Qxc4 gxf6 10. O-O e5 11. cxd4 Be6 12. Qc3 e4 13. Nfd2 Qd5 14. Qe3 f5
15. Nb3 O-O-O 16. Nc3 Qc4 17. Rd1 Bb4 18. Qh6 Rhg8 19. Bg5 Rg6 20. Qxg6 hxg6
21. Bxd8 Bxc3 22. Rac1 Qe2 23. d5 Bxd5 24. Rxd5 Be1 25. Bh4 e3 26. fxe3 Qxe3+
27. Kh1 Bxh4 28. Rdc5 Be1 29. R5c2 Bb4 30. Rd1 Kb8 31. Rcc1 a5 0-1

[Event "III Trofeo Pentium4"]
[Site "Milano ITA"]
[Date "2003.07.14"]
[Round "1"]
[White "Qendro, Llambi"]
[Black "Borgo, Giulio"]
[Result "0-1"]
[WhiteElo "2370"]
[BlackElo "2423"]
[PlyCount "63"]
[EventDate "2003.07.14"]

1. d4 d5 2. c4 e6 3. Nc3 c6 4. cxd5 exd5 5. Bf4 Bd6 6. Bxd6 Qxd6 7. e3 Bf5 8.
Bd3 Ne7 9. Nge2 Nd7 10. O-O O-O 11. Rc1 Rfe8 12. Ng3 Bg6 13. Qc2 Nb6 14. Nce2
Bxd3 15. Qxd3 Ng6 16. Nf5 Qf6 17. Neg3 Nh4 18. b3 Nxf5 19. Qxf5 Qh6 20. a4 a6
21. Ne2 Qd6 22. Nf4 Nc8 23. Nd3 Qd8 24. Nc5 Re7 25. Qc2 Nd6 26. Rce1 Qe8 27.
Qc3 Nf5 28. b4 g6 29. Rb1 Nd6 30. Qc2 h5 31. Nd3 h4 32. Ne5 0-1

[Event "III Trofeo Pentium4"]
[Site "Milano ITA"]
[Date "2003.07.15"]
[Round "2"]
[White "Borgo, Giulio"]
[Black "Pilgaard, Kim"]
[Result "1/2-1/2"]
[WhiteElo "2423"]
[BlackElo "2446"]
[PlyCount "52"]
[EventDate "2003.07.14"]

1. c4 Nf6 2. Nf3 e6 3. Nc3 d5 4. d4 dxc4 5. e3 a6 6. Bxc4 b5 7. Bd3 c5 8. a4 b4
9. Ne4 Nbd7 10. dxc5 Nxc5 11. Nxc5 Bxc5 12. e4 Bb7 13. Qe2 e5 14. Bg5 h6 15.
Bh4 Qe7 16. Rc1 Bd6 17. Nd2 O-O 18. O-O a5 19. Nc4 Bc5 20. Ne3 Bxe3 21. Qxe3 g5
22. Bg3 Rfd8 23. Qb6 Rxd3 24. Rc7 Rd7 25. Rxd7 Qxd7 26. Qxf6 Qc6 1/2-1/2

[Event "III Trofeo Pentium4"]
[Site "Milano ITA"]
[Date "2003.07.15"]
[Round "2"]
[White "Lanzani, Mario"]
[Black "Belotti, Bruno"]
[Result "0-1"]
[WhiteElo "2355"]
[BlackElo "2435"]
[PlyCount "86"]
[EventDate "2003.07.14"]

1. e4 g6 2. d4 Bg7 3. Nf3 d6 4. Be2 Nf6 5. Nc3 O-O 6. O-O Bg4 7. Be3 Nc6 8. h3
Bxf3 9. Bxf3 e5 10. d5 Ne7 11. a4 c6 12. Bg5 Qc7 13. a5 Rab8 14. a6 cxd5 15.
Bxf6 Bxf6 16. Nxd5 Nxd5 17. Qxd5 bxa6 18. Rxa6 Rxb2 19. Rc6 Qb8 20. Rxd6 Rd8
21. Rxd8+ Bxd8 22. Qc6 Bb6 23. Be2 Kg7 24. Qa4 Qd6 25. Bd3 Bc5 26. g3 Rb4 27.
Qa2 Qd4 28. Kg2 Bb6 29. Qa1 Rb2 30. Qa6 Bc5 31. Qa1 h5 32. h4 Bb6 33. Qa6 Rb4
34. Qa3 a5 35. Qa1 Rb2 36. Kf3 a4 37. Ke2 Bc5 38. Qc1 a3 39. Qe3 Qc3 40. Qd2
Qd4 41. Qe3 Rb4 42. Qd2 Qb2 43. c3 Rb6 0-1

[Event "III Trofeo Pentium4"]
[Site "Milano ITA"]
[Date "2003.07.15"]
[Round "2"]
[White "Lazic, Miroljub"]
[Black "Bellia, Fabrizio"]
[Result "0-1"]
[WhiteElo "2506"]
[BlackElo "2397"]
[PlyCount "64"]
[EventDate "2003.07.14"]

1. e4 e5 2. Bc4 Nf6 3. d3 Nc6 4. Nf3 Be7 5. O-O O-O 6. Re1 d6 7. c3 Na5 8. Bb5
a6 9. Ba4 b5 10. Bc2 c5 11. Nbd2 Nc6 12. Nf1 Re8 13. Ng3 g6 14. h3 Bf8 15. d4
cxd4 16. cxd4 exd4 17. Nxd4 Nxd4 18. Qxd4 Bg7 19. Qb4 Be6 20. Bf4 d5 21. Rad1
Qc8 22. Rc1 Qb7 23. e5 Nd7 24. Qd2 Rac8 25. Bh6 Bxe5 26. Rxe5 Nxe5 27. Nh5 Nd7
28. Bg7 Rxc2 29. Rxc2 Bf5 30. Nf6+ Nxf6 31. Bxf6 Re6 32. Qxd5 Re1+ 0-1

[Event "III Trofeo Pentium4"]
[Site "Milano ITA"]
[Date "2003.07.15"]
[Round "2"]
[White "Qendro, Llambi"]
[Black "Brunello, Sabino"]
[Result "1-0"]
[WhiteElo "2370"]
[BlackElo "2234"]
[PlyCount "73"]
[EventDate "2003.07.14"]

1. d4 d5 2. c4 e6 3. Nc3 Nf6 4. cxd5 exd5 5. Bg5 Be7 6. e3 c6 7. Qc2 O-O 8. Bd3
Nbd7 9. Nge2 Re8 10. O-O Nf8 11. Bxf6 Bxf6 12. b4 b6 13. b5 c5 14. dxc5 bxc5
15. Rad1 Bxc3 16. Nxc3 d4 17. Na4 Qg5 18. Qxc5 Qxc5 19. Nxc5 dxe3 20. fxe3 Bg4
21. Bc4 Bh5 22. Rd5 Bg6 23. Re1 Rac8 24. Bb3 Re7 25. e4 Rec7 26. Nd3 Ne6 27. h4
h6 28. Rd6 Nf8 29. Ne5 Rc1 30. Rxc1 Rxc1+ 31. Kh2 Bxe4 32. Rd8 g6 33. Nd7 Kg7
34. Rxf8 Rf1 35. Re8 Bf5 36. Re7 Bg4 37. Ne5 1-0

[Event "III Trofeo Pentium4"]
[Site "Milano ITA"]
[Date "2003.07.16"]
[Round "3"]
[White "Belotti, Bruno"]
[Black "Lazic, Miroljub"]
[Result "0-1"]
[WhiteElo "2435"]
[BlackElo "2506"]
[PlyCount "54"]
[EventDate "2003.07.14"]

1. e4 Nc6 2. d4 e5 3. dxe5 Nxe5 4. Nf3 Nxf3+ 5. Qxf3 Bb4+ 6. c3 Bc5 7. Bf4 d6
8. Nd2 Ne7 9. Bc4 O-O 10. h4 Be6 11. h5 Nc6 12. h6 g6 13. Qg3 Bxc4 14. Nxc4 Qe7
15. f3 f5 16. Nd2 Qf7 17. Rf1 Rae8 18. Kd1 b5 19. Kc2 b4 20. Qg5 bxc3 21. bxc3
Nd8 22. exf5 Qxf5+ 23. Qxf5 Rxf5 24. Bg3 Re2 25. Kd3 Rxg2 26. Ne4 Bb6 27. Be1
Nf7 0-1

[Event "III Trofeo Pentium4"]
[Site "Milano ITA"]
[Date "2003.07.16"]
[Round "3"]
[White "Godena, Michele"]
[Black "Qendro, Llambi"]
[Result "1/2-1/2"]
[WhiteElo "2517"]
[BlackElo "2370"]
[PlyCount "39"]
[EventDate "2003.07.14"]

1. e4 d6 2. d4 Nf6 3. Nc3 g6 4. Nf3 Bg7 5. Be2 O-O 6. O-O c6 7. Re1 Bg4 8. Bg5
Qc7 9. Nd2 Bxe2 10. Qxe2 e5 11. d5 Nbd7 12. dxc6 bxc6 13. Rad1 h6 14. Bh4 Nb6
15. Nc4 Rad8 16. Ne3 Rfe8 17. Rd2 Rd7 18. Qf3 Nh7 19. Red1 Nf8 20. Bf6 1/2-1/2

[Event "III Trofeo Pentium4"]
[Site "Milano ITA"]
[Date "2003.07.16"]
[Round "3"]
[White "Pilgaard, Kim"]
[Black "Lanzani, Mario"]
[Result "1/2-1/2"]
[WhiteElo "2446"]
[BlackElo "2355"]
[PlyCount "64"]
[EventDate "2003.07.14"]

1. e4 e5 2. Nf3 Nf6 3. d4 Nxe4 4. Bd3 d5 5. Nxe5 Bd6 6. O-O O-O 7. c4 c6 8. Nc3
Nd7 9. Nxe4 dxe4 10. Bxe4 Qh4 11. Re1 Nxe5 12. dxe5 Bxe5 13. Bxh7+ Qxh7 14.
Rxe5 Be6 15. Qe2 Rad8 16. Be3 Qd3 17. Qxd3 Rxd3 18. b3 b6 19. f3 Rc3 20. Kf1
Rc2 21. Bf4 Re8 22. h4 f6 23. Re4 Kf7 24. Kg1 Bf5 25. Rxe8 Kxe8 26. Be3 Rb2 27.
Bd4 Rb1+ 28. Rxb1 Bxb1 29. a3 c5 30. Be3 Ba2 31. b4 cxb4 32. axb4 Bxc4 1/2-1/2

[Event "III Trofeo Pentium4"]
[Site "Milano ITA"]
[Date "2003.07.17"]
[Round "4"]
[White "Brunello, Sabino"]
[Black "Godena, Michele"]
[Result "0-1"]
[WhiteElo "2234"]
[BlackElo "2517"]
[PlyCount "106"]
[EventDate "2003.07.14"]

1. e4 e5 2. Nf3 Nc6 3. d4 exd4 4. Nxd4 Bc5 5. Be3 Qf6 6. c3 Nge7 7. Bc4 b6 8.
O-O Bb7 9. f4 O-O-O 10. e5 Qh6 11. Qe2 Bxd4 12. cxd4 Nf5 13. Rd1 d6 14. d5 Nxe5
15. Ba6 Nxe3 16. Bxb7+ Kxb7 17. Qxe3 Qxh2+ 18. Kxh2 Ng4+ 19. Kg1 Nxe3 20. Rd2
Rhe8 21. Nc3 Ng4 22. Rc1 a6 23. g3 Re3 24. Kg2 h5 25. Ne2 Rde8 26. Nd4 Re1 27.
Rxe1 Rxe1 28. Nf3 Re7 29. Kh3 g6 30. f5 Re3 31. Ng5 Nh6 32. fxg6 fxg6 33. Ne6
c5 34. Nf4 Nf5 35. Rg2 h4 36. Nxg6 Rxg3+ 37. Rxg3 hxg3 38. Nf4 c4 39. Kg4 Ne3+
40. Kxg3 Nd1 41. b3 b5 42. Kf3 Nc3 43. bxc4 bxc4 44. Ke3 Nxa2 45. Kd4 c3 46.
Kd3 Kb6 47. Ne6 Kb5 48. Nc7+ Kb4 49. Kc2 Kc4 50. Nxa6 Nb4+ 51. Nxb4 Kxb4 52.
Kc1 Kc4 53. Kc2 Kd4 0-1

[Event "III Trofeo Pentium4"]
[Site "Milano ITA"]
[Date "2003.07.17"]
[Round "4"]
[White "Drazic, Sinisa"]
[Black "Belotti, Bruno"]
[Result "1-0"]
[WhiteElo "2463"]
[BlackElo "2435"]
[PlyCount "97"]
[EventDate "2003.07.14"]

1. d4 g6 2. e4 Bg7 3. Nf3 d6 4. Bc4 e6 5. Bb3 Nd7 6. Nc3 Ne7 7. Be3 a6 8. Qd2
h6 9. O-O-O b5 10. a3 Bb7 11. d5 e5 12. Ne1 f5 13. f3 Nf6 14. Nd3 Bc8 15. Kb1
g5 16. g3 f4 17. gxf4 gxf4 18. Bf2 Nh7 19. h4 Bf6 20. a4 Bd7 21. axb5 axb5 22.
Nb4 Ra5 23. Rhg1 Qa8 24. Nca2 Nf8 25. Qc3 Kd8 26. Kc1 Be8 27. Kd2 Nfg6 28. Rh1
Nf8 29. Nc1 Rg8 30. Ncd3 Rg2 31. Ke2 Qa7 32. Kf1 Rxf2+ 33. Nxf2 Nfg6 34. h5 Nh4
35. Ng4 Bg5 36. Nxe5 Ra1 37. Ke2 Rxd1 38. Rxd1 dxe5 39. d6 cxd6 40. Rxd6+ Bd7
41. Be6 Qg1 42. Bxd7 Qg2+ 43. Kd1 Qf1+ 44. Qe1 Qxf3+ 45. Kc1 Qg3 46. Bxb5+ Kc7
47. Qd1 Qe3+ 48. Kb1 Qxe4 49. Na6+ 1-0

[Event "III Trofeo Pentium4"]
[Site "Milano ITA"]
[Date "2003.07.17"]
[Round "4"]
[White "Lazic, Miroljub"]
[Black "Pilgaard, Kim"]
[Result "1/2-1/2"]
[WhiteElo "2506"]
[BlackElo "2446"]
[PlyCount "43"]
[EventDate "2003.07.14"]

1. e4 e5 2. Nf3 Nc6 3. Bb5 a6 4. Bxc6 dxc6 5. O-O f6 6. d4 Bg4 7. c3 exd4 8.
cxd4 Bxf3 9. Qxf3 Qxd4 10. Rd1 Qb4 11. a3 Qc4 12. Bf4 Bd6 13. Bxd6 cxd6 14.
Rxd6 Nh6 15. Nc3 Nf7 16. Rd2 O-O 17. Rad1 Rad8 18. h3 Qc5 19. Rxd8 Rxd8 20.
Rxd8+ Nxd8 21. Qd3 Qe7 22. g3 1/2-1/2

[Event "III Trofeo Pentium4"]
[Site "Milano ITA"]
[Date "2003.07.17"]
[Round "4"]
[White "Qendro, Llambi"]
[Black "Bellia, Fabrizio"]
[Result "1/2-1/2"]
[WhiteElo "2370"]
[BlackElo "2397"]
[PlyCount "116"]
[EventDate "2003.07.14"]

1. d4 Nf6 2. c4 e6 3. Nc3 Bb4 4. Qc2 O-O 5. a3 Bxc3+ 6. Qxc3 b6 7. Bg5 Bb7 8.
e3 d6 9. f3 Nbd7 10. Bd3 c5 11. Ne2 Rc8 12. Qb3 Re8 13. O-O h6 14. Bh4 Qc7 15.
Rac1 a6 16. Rfe1 Bc6 17. a4 Qb7 18. Nc3 Qc7 19. Qd1 Qb7 20. b3 Qa8 21. h3 Bb7
22. Bb1 cxd4 23. Qxd4 d5 24. cxd5 Nxd5 25. Nxd5 Bxd5 26. e4 Bc6 27. Red1 e5 28.
Qb4 a5 29. Qa3 Qb7 30. Bd3 Nc5 31. Bc4 Ne6 32. Bf2 Nf4 33. Be3 b5 34. axb5 Bxb5
35. Bxf4 Qb6+ 36. Kh2 exf4 37. Rd5 Bxc4 38. bxc4 Qf2 39. Qxa5 Ra8 40. Qd2 Qg3+
41. Kg1 Ra3 42. Rd3 Rea8 43. Rxa3 Rxa3 44. Qe2 Ra6 45. c5 Rc6 46. Qd2 Kh7 47.
Kh1 Kg8 48. e5 Kh7 49. Rc4 Kg8 50. Qd8+ Kh7 51. Qd3+ Qg6 52. Qd2 Qg3 53. Kg1
Kg8 54. Qd8+ Kh7 55. Qd3+ Kg8 56. Qe4 Ra6 57. Ra4 Rxa4 58. Qxa4 Qe1+ 1/2-1/2

[Event "III Trofeo Pentium4"]
[Site "Milano ITA"]
[Date "2003.07.18"]
[Round "5"]
[White "Bellia, Fabrizio"]
[Black "Brunello, Sabino"]
[Result "1-0"]
[WhiteElo "2397"]
[BlackElo "2234"]
[PlyCount "125"]
[EventDate "2003.07.14"]

1. e4 e5 2. Nf3 Nc6 3. Bb5 f5 4. d3 fxe4 5. dxe4 Nf6 6. Nc3 Bb4 7. Qd3 d6 8.
Bd2 Bxc3 9. Bxc3 O-O 10. O-O-O Qe7 11. Bxc6 bxc6 12. Qc4+ Be6 13. Qxc6 Rab8 14.
Ba5 Rfc8 15. a3 h6 16. Rhe1 Qf7 17. Kb1 Nd7 18. Qc3 Qg6 19. Qe3 Bf7 20. Nd2 Rb5
21. Qxa7 Nc5 22. Bb4 Rcb8 23. Qxc7 R5b7 24. Qa5 Rb5 25. Qa7 R5b7 26. Bxc5 Rxa7
27. Bxa7 Rb7 28. Be3 Qxg2 29. Rg1 Qh3 30. Rg3 Qe6 31. b3 Kh7 32. Rdg1 Be8 33.
Kb2 d5 34. exd5 Qxd5 35. Nc4 Kh8 36. Nd2 Kh7 37. Nc4 Bb5 38. Nb6 Qe6 39. Rg6
Qf5 40. a4 Be8 41. Rd6 Rc7 42. c4 Rc6 43. Rd2 Rg6 44. Rxg6 Bxg6 45. a5 Qb1+ 46.
Kc3 Qa1+ 47. Kb4 Be4 48. Nd5 Bf5 49. Nc3 Bg4 50. Ra2 Qg1 51. a6 Bf3 52. Ra5 Ba8
53. Rxe5 Qh1 54. Re8 Qc6 55. Rxa8 Qxa8 56. a7 g5 57. Nd5 Qb7+ 58. Kc3 Kg6 59.
h3 Kh5 60. Nc7 Qxc7 61. a8=Q Qe5+ 62. Kb4 Qa1 63. Qxa1 1-0

[Event "III Trofeo Pentium4"]
[Site "Milano ITA"]
[Date "2003.07.18"]
[Round "5"]
[White "Lanzani, Mario"]
[Black "Lazic, Miroljub"]
[Result "1/2-1/2"]
[WhiteElo "2355"]
[BlackElo "2506"]
[PlyCount "31"]
[EventDate "2003.07.14"]

1. e4 Nc6 2. Nf3 d6 3. d4 Nf6 4. Nc3 Bg4 5. d5 Nb8 6. Be2 g6 7. h3 Bxf3 8. Bxf3
Bg7 9. O-O O-O 10. Be3 c6 11. Qd2 cxd5 12. exd5 Nbd7 13. Bd4 a6 14. Rfe1 Re8
15. a4 Rc8 16. a5 1/2-1/2

[Event "III Trofeo Pentium4"]
[Site "Milano ITA"]
[Date "2003.07.19"]
[Round "6"]
[White "Brunello, Sabino"]
[Black "Belotti, Bruno"]
[Result "1/2-1/2"]
[WhiteElo "2234"]
[BlackElo "2435"]
[PlyCount "60"]
[EventDate "2003.07.14"]

1. e4 Nf6 2. e5 Nd5 3. d4 d6 4. Nf3 Bg4 5. Be2 e6 6. O-O Be7 7. c4 Nb6 8. Nc3
O-O 9. Be3 Nc6 10. exd6 cxd6 11. d5 exd5 12. Nxd5 Nxd5 13. cxd5 Bxf3 14. Bxf3
Ne5 15. Bd4 Bf6 16. Be2 Qa5 17. Bc3 Qb6 18. Bd4 Nf3+ 19. Bxf3 Bxd4 20. Rb1 Rfe8
21. b3 Re7 22. Rc1 Rae8 23. g3 Bc5 24. Kg2 Re5 25. Qd2 Bb4 26. Qf4 a5 27. Rc4
Bc5 28. Qd2 Bb4 29. Qf4 Bc5 30. Qd2 Bb4 1/2-1/2

[Event "III Trofeo Pentium4"]
[Site "Milano ITA"]
[Date "2003.07.19"]
[Round "6"]
[White "Drazic, Sinisa"]
[Black "Lanzani, Mario"]
[Result "1/2-1/2"]
[WhiteElo "2463"]
[BlackElo "2355"]
[PlyCount "77"]
[EventDate "2003.07.14"]

1. e4 e5 2. Nf3 Nf6 3. d4 Nxe4 4. dxe5 d5 5. Bd3 Be7 6. O-O O-O 7. h3 f6 8. c4
c6 9. Qc2 Na6 10. Bxe4 dxe4 11. Qxe4 fxe5 12. Nc3 Qc7 13. Rd1 Bf5 14. Qxe5 Qxe5
15. Nxe5 Bc5 16. Bf4 Bc2 17. Rd2 Rxf4 18. Rxc2 Re8 19. Re2 Rxf2 20. Rxf2 Rxe5
21. Rd1 Bxf2+ 22. Kxf2 Kf7 23. Rd8 Re8 24. Rxe8 Kxe8 25. Ke3 Ke7 26. Ne4 Nb4
27. a3 Nc2+ 28. Kd2 Nd4 29. Ke3 Nf5+ 30. Kf4 Nd6 31. Nd2 Ke6 32. h4 c5 33. b3
b6 34. g4 h6 35. h5 Nb7 36. Ke4 Na5 37. Kf4 Kf6 38. Ne4+ Ke6 39. Nd2 1/2-1/2

[Event "III Trofeo Pentium4"]
[Site "Milano ITA"]
[Date "2003.07.19"]
[Round "6"]
[White "Godena, Michele"]
[Black "Bellia, Fabrizio"]
[Result "1/2-1/2"]
[WhiteElo "2517"]
[BlackElo "2397"]
[PlyCount "33"]
[EventDate "2003.07.14"]

1. e4 e5 2. Nf3 Nc6 3. Bc4 Nf6 4. d3 Be7 5. Nc3 d6 6. a3 O-O 7. h3 a6 8. Be3 b5
9. Ba2 Bb7 10. O-O Nb8 11. Ne2 Nbd7 12. Ng3 d5 13. exd5 Nxd5 14. Bd2 Bd6 15.
Ne4 h6 16. Re1 N5f6 17. Ng3 1/2-1/2

[Event "III Trofeo Pentium4"]
[Site "Milano ITA"]
[Date "2003.07.19"]
[Round "6"]
[White "Qendro, Llambi"]
[Black "Pilgaard, Kim"]
[Result "0-1"]
[WhiteElo "2370"]
[BlackElo "2446"]
[PlyCount "82"]
[EventDate "2003.07.14"]

1. d4 Nf6 2. c4 e6 3. Nf3 c5 4. d5 exd5 5. cxd5 d6 6. Nc3 g6 7. h3 a6 8. a4 Qe7
9. Bg5 Nbd7 10. e3 h6 11. Bh4 Ne5 12. Nxe5 Qxe5 13. Bg3 Qe7 14. Bd3 Bg7 15. O-O
O-O 16. Qb3 Nd7 17. a5 Ne5 18. Be2 Bd7 19. Na4 Rab8 20. Nb6 f5 21. Rae1 Be8 22.
f4 Nd7 23. Nc4 Bf7 24. Bf3 b5 25. axb6 Nxb6 26. e4 Nxd5 27. Qd1 fxe4 28. Bxe4
Bd4+ 29. Kh1 Qd8 30. f5 Nf6 31. Nxd6 Nxe4 32. Rxe4 Bb3 33. Qe2 Bd5 34. Re6 Rxb2
35. Rxg6+ Kh7 36. Rxh6+ Kxh6 37. Bf4+ Kh7 38. Qh5+ Kg8 39. Rf3 Bxf3 40. Qg6+
Bg7 41. Qe6+ Kh8 0-1

[Event "III Trofeo Pentium4"]
[Site "Milano ITA"]
[Date "2003.07.20"]
[Round "7"]
[White "Bellia, Fabrizio"]
[Black "Borgo, Giulio"]
[Result "1/2-1/2"]
[WhiteElo "2397"]
[BlackElo "2423"]
[PlyCount "57"]
[EventDate "2003.07.14"]

1. e4 c5 2. c3 d5 3. exd5 Qxd5 4. d4 g6 5. Nf3 Bg7 6. Na3 a6 7. Be3 cxd4 8. Nc4
Nd7 9. Bxd4 Ngf6 10. Be2 O-O 11. O-O b5 12. Nce5 Nxe5 13. Nxe5 Ne4 14. Nf3 Bxd4
15. Qxd4 Qxd4 16. Nxd4 Bb7 17. a4 e5 18. Nf3 bxa4 19. Rxa4 f6 20. Rfa1 Rfd8 21.
h4 Nc5 22. R4a3 Rac8 23. b4 Nd3 24. g3 f5 25. Rd1 Bxf3 26. Bxf3 e4 27. Be2 Rd6
28. f4 Kg7 29. Kf1 1/2-1/2

[Event "III Trofeo Pentium4"]
[Site "Milano ITA"]
[Date "2003.07.20"]
[Round "7"]
[White "Belotti, Bruno"]
[Black "Godena, Michele"]
[Result "1/2-1/2"]
[WhiteElo "2435"]
[BlackElo "2517"]
[PlyCount "32"]
[EventDate "2003.07.14"]

1. c4 e6 2. g3 d5 3. Nf3 dxc4 4. Qa4+ Nd7 5. Qxc4 a6 6. Bg2 b5 7. Qb3 Bb7 8.
O-O Ngf6 9. d3 Be7 10. Nc3 Nd5 11. Nxd5 Bxd5 12. Qc2 c5 13. b3 O-O 14. Bb2 Rc8
15. Rac1 Qb6 16. Qb1 Rfd8 1/2-1/2

[Event "III Trofeo Pentium4"]
[Site "Milano ITA"]
[Date "2003.07.20"]
[Round "7"]
[White "Lanzani, Mario"]
[Black "Qendro, Llambi"]
[Result "1/2-1/2"]
[WhiteElo "2355"]
[BlackElo "2370"]
[PlyCount "23"]
[EventDate "2003.07.14"]

1. e4 g6 2. d4 Bg7 3. Nf3 c6 4. Be2 d6 5. O-O Nf6 6. Nc3 O-O 7. Re1 Qc7 8. Bg5
h6 9. Bf4 Nbd7 10. Qc1 Kh7 11. e5 dxe5 12. Nxe5 1/2-1/2

[Event "III Trofeo Pentium4"]
[Site "Milano ITA"]
[Date "2003.07.20"]
[Round "7"]
[White "Lazic, Miroljub"]
[Black "Drazic, Sinisa"]
[Result "1/2-1/2"]
[WhiteElo "2506"]
[BlackElo "2463"]
[PlyCount "29"]
[EventDate "2003.07.14"]

1. e4 d5 2. exd5 Nf6 3. d4 Nxd5 4. Nf3 Bf5 5. Bd3 Bxd3 6. Qxd3 Nc6 7. O-O e6 8.
Re1 Nf6 9. Qe2 Be7 10. c4 h6 11. Nc3 O-O 12. Bf4 Re8 13. Rad1 Bf8 14. b3 a6 15.
h3 1/2-1/2

[Event "III Trofeo Pentium4"]
[Site "Milano ITA"]
[Date "2003.07.20"]
[Round "7"]
[White "Pilgaard, Kim"]
[Black "Brunello, Sabino"]
[Result "1-0"]
[WhiteElo "2446"]
[BlackElo "2234"]
[PlyCount "79"]
[EventDate "2003.07.14"]

1. e4 e5 2. Nf3 Nc6 3. Bb5 f5 4. Nc3 fxe4 5. Nxe4 d5 6. Nxe5 dxe4 7. Nxc6 Qg5
8. Qe2 Nf6 9. f4 Qxf4 10. Nxa7+ Bd7 11. Bxd7+ Kxd7 12. Qb5+ Ke6 13. Qxb7 Bd6
14. Qb3+ Kd7 15. Qf7+ Kd8 16. Nc6+ Kc8 17. Ne7+ Kd8 18. Qxg7 Re8 19. g3 Qf3 20.
Nc6+ Kc8 21. Rf1 Nh5 22. Qf7 Qxf7 23. Rxf7 Kb7 24. Nd4 Rf8 25. Rf5 Bxg3+ 26.
hxg3 Nxg3 27. Rf2 h5 28. b3 h4 29. Bb2 e3 30. dxe3 h3 31. Ne2 Ne4 32. Rh2 Rad8
33. Nd4 Ng5 34. Ke2 c5 35. Rg1 Rd5 36. c4 Re5 37. Nb5 Nf3 38. Rg7+ Kb6 39. Rxh3
Ref5 40. Rh6+ 1-0

[Event "III Trofeo Pentium4"]
[Site "Milano ITA"]
[Date "2003.07.21"]
[Round "8"]
[White "Borgo, Giulio"]
[Black "Drazic, Sinisa"]
[Result "0-1"]
[WhiteElo "2423"]
[BlackElo "2463"]
[PlyCount "136"]
[EventDate "2003.07.14"]

1. Nf3 d5 2. d4 a6 3. Bf4 e6 4. e3 Bd6 5. Bg3 Ne7 6. Bd3 b6 7. Ne5 Nbc6 8. f4
Nb4 9. Be2 c5 10. c3 Nbc6 11. Bd3 O-O 12. Bh4 Qe8 13. Qh5 g6 14. Qh6 f6 15. Ng4
Nf5 16. Bxf6 Ra7 17. Qg5 h5 18. Ne5 Rxf6 19. Qxf6 Nxe5 20. Bxf5 gxf5 21. fxe5
Be7 22. Qh6 Qb5 23. Qg6+ Kf8 24. Nd2 Bh4+ 25. g3 Rg7 26. Qxh5 Bg5 27. Qe2 Qxb2
28. Kf2 Qxc3 29. Rhc1 Qa3 30. Nf3 Bh6 31. Rab1 c4 32. Qd2 b5 33. Rc3 Qa5 34. a3
Bd7 35. Qb2 Kg8 36. Qb4 Qd8 37. Qd6 Qc8 38. Qb6 Be8 39. Ne1 Bg5 40. Nc2 Bd8 41.
Qd6 Be7 42. Qb6 Bd8 43. Qd6 a5 44. g4 fxg4 45. e4 Rd7 46. Qc5 Rc7 47. Qd6 Rc6
48. Rg1 Bh4+ 49. Ke2 Bh5 50. Rh3 Rxd6 51. Rxh4 Rd7 52. Rxh5 Rg7 53. Ne3 c3 54.
exd5 exd5 55. Kd3 b4 56. Nxd5 Qa6+ 57. Ke3 c2 58. Nf6+ Kf7 59. Ne4 b3 60. Kd2
a4 61. Kc3 Qc6+ 62. Nc5 Qf3+ 63. Nd3 Kg6 64. Rh4 Rc7+ 65. Kd2 c1=Q+ 66. Rxc1
Rxc1 67. Kxc1 Qxd3 68. Rxg4+ Kf5 0-1

[Event "III Trofeo Pentium4"]
[Site "Milano ITA"]
[Date "2003.07.21"]
[Round "8"]
[White "Brunello, Sabino"]
[Black "Lanzani, Mario"]
[Result "1/2-1/2"]
[WhiteElo "2234"]
[BlackElo "2355"]
[PlyCount "54"]
[EventDate "2003.07.14"]

1. e4 c6 2. d4 d5 3. e5 c5 4. dxc5 e6 5. Qg4 Ne7 6. Nf3 Nf5 7. Bd3 h5 8. Qa4+
Bd7 9. Qb3 Na6 10. Bxf5 Nxc5 11. Qe3 exf5 12. O-O Ne4 13. Nd4 Qb6 14. c3 g5 15.
f3 f4 16. Qe2 Nc5 17. Nd2 h4 18. h3 Ne6 19. N2b3 Nxd4 20. Nxd4 Bg7 21. Bd2 O-O
22. Be1 Rfe8 23. Bf2 Rxe5 24. Qd2 Qa6 25. a3 Rae8 26. Rfe1 Qd6 27. Nc2 Rxe1+
1/2-1/2

[Event "III Trofeo Pentium4"]
[Site "Milano ITA"]
[Date "2003.07.21"]
[Round "8"]
[White "Qendro, Llambi"]
[Black "Lazic, Miroljub"]
[Result "0-1"]
[WhiteElo "2370"]
[BlackElo "2506"]
[PlyCount "126"]
[EventDate "2003.07.14"]

1. d4 d5 2. c4 e6 3. Nc3 c6 4. cxd5 exd5 5. Bf4 Bf5 6. a3 Bd6 7. Bxd6 Qxd6 8.
e3 Ne7 9. Nf3 Nd7 10. Bd3 O-O 11. O-O a5 12. Bxf5 Nxf5 13. Qc2 Qg6 14. Rac1 Nd6
15. Qxg6 hxg6 16. b3 f6 17. Nd2 Rfe8 18. Rfe1 Re7 19. Kf1 Rae8 20. Ra1 Nb6 21.
Rac1 Kf8 22. h4 a4 23. bxa4 Ra8 24. e4 dxe4 25. Ndxe4 Nxe4 26. Rxe4 Nxa4 27.
Rxe7 Kxe7 28. d5 Kd6 29. dxc6 bxc6 30. Ne4+ Kc7 31. Nd2 Nb6 32. Rc3 Nd5 33. Rg3
Ne7 34. Rc3 Ra4 35. g3 Nd5 36. Rb3 c5 37. Nb1 Rc4 38. Ke1 Rc1+ 39. Kd2 Rf1 40.
f4 c4 41. Rb5 Kc6 42. Rb8 Rf2+ 43. Kc1 Kc5 44. a4 c3 45. a5 Rf1+ 46. Kc2 Nb4+
47. Kxc3 Rxb1 48. Rc8+ Kd6 49. Rd8+ Ke6 50. Kc4 Nc6 51. Ra8 Kd6 52. a6 Ra1 53.
Kb5 Ra5+ 54. Kc4 Ra3 55. g4 Rf3 56. Rg8 Rxf4+ 57. Kb3 Rb4+ 58. Ka2 Rb6 59. Rxg7
Rxa6+ 60. Kb3 Ne5 61. h5 g5 62. h6 Ra8 63. h7 Rh8 0-1

[Event "III Trofeo Pentium4"]
[Site "Milano ITA"]
[Date "2003.07.22"]
[Round "9"]
[White "Belotti, Bruno"]
[Black "Borgo, Giulio"]
[Result "1/2-1/2"]
[WhiteElo "2435"]
[BlackElo "2423"]
[PlyCount "27"]
[EventDate "2003.07.14"]

1. d4 d5 2. c4 e6 3. Nc3 Nf6 4. Bg5 Nbd7 5. cxd5 exd5 6. e3 c6 7. Bd3 Be7 8.
Nf3 Nh5 9. Bxe7 Qxe7 10. O-O g6 11. Rb1 O-O 12. b4 a6 13. Na4 Ng7 14. Qc2
1/2-1/2